Cyborg 009 Cyborgs Quiz Stats

 Plays Quiz not verified by Sporcle

Support Sporcle.
Go Orange.
Score 0/9 Timer 07:00
0 Plays Today
Cyborg Number Real Name % Correct
002Jet Link
98.7%
001Ivan Whisky
97.3%
009Joe Shimamura
94.7%
003Fran├žoise Arnoul
85.3%
004Albert Heinrich
82.7%
007Great Britain
82.7%
005Geronimo Jr.
81.3%
008Pyunma
73.3%
006Chang Changku
72%

You're not logged in!

Compare scores with friends on all Sporcle quizzes.
OR
Log In

From the Vault

Same Color or Not?

by goseaward

This quiz is harder if you don't see color.
Remove Ads.
Support Sporcle.
Get the best of Sporcle when you Go Orange. This ad-free experience offers more features, more stats, and more fun while also helping to support Sporcle. Thank you for becoming a member.

Show Comments

Extras

Top Quizzes Today


Score Distribution

Your Account Isn't Verified!

In order to create a playlist on Sporcle, you need to verify the email address you used during registration. Go to your Sporcle Settings to finish the process.

Report this User

Report this user for behavior that violates our Community Guidelines.

Details: